ბათუმის შოთა რუსთაველის სახელმწიფო უნივერსიტეტის ბიბლიოთეკა

ერთი ნაბიჯი ზღაპრამდე (ბიბ.ჩანაწერი № 42441)

000 -LEADER
fixed length control field 00911nam a2200241Ia 4500
001 - CONTROL NUMBER
control field 9137
003 - CONTROL NUMBER IDENTIFIER
control field GE_BSU
008 - FIXED-LENGTH DATA ELEMENTS--GENERAL INFORMATION
fixed length control field 181216s||||||||xx |||||||||||||| ||und||
040 ## - CATALOGING SOURCE
Transcribing agency GE_BSU
080 ## - UNIVERSAL DECIMAL CLASSIFICATION NUMBER
Universal Decimal Classification number 821.353.1-32
100 ## - MAIN ENTRY--PERSONAL NAME
Personal name ლანჩავა,თეიმურაზ
245 ## - TITLE STATEMENT
Title ერთი ნაბიჯი ზღაპრამდე
245 ## - TITLE STATEMENT
Remainder of title მოთხრობები
245 ## - TITLE STATEMENT
Statement of responsibility, etc. რედ:ტ.ჯანხოთელი;მხატვ:ო.ქანდარია
250 ## - EDITION STATEMENT
Edition statement პირველი-მეორე გამოცემა.
260 ## - PUBLICATION, DISTRIBUTION, ETC.
Place of publication, distribution, etc. თბილისი.
260 ## - PUBLICATION, DISTRIBUTION, ETC.
Name of publisher, distributor, etc. საბჭ.საქართველო,ქუთაისის ფილიალი
260 ## - PUBLICATION, DISTRIBUTION, ETC.
Date of publication, distribution, etc. 1989.
300 ## - PHYSICAL DESCRIPTION
Extent 266გვ;21სმ.
653 ## - INDEX TERM--UNCONTROLLED
Uncontrolled term ერთი ნაბიჯი ზღაპრამდე
653 ## - INDEX TERM--UNCONTROLLED
Uncontrolled term მოთხრობები
942 ## - ADDED ENTRY ELEMENTS (KOHA)
Koha item type წიგნი
ეგზემპლარები
Withdrawn status Lost status Damaged status Not for loan Date acquired Barcode Date last seen Price effective from Koha item type
        2018-12-17 31795 2018-12-17 2018-12-17 წიგნი
        2018-12-17 31796 2018-12-17 2018-12-17 წიგნი
        2018-12-17 31797 2018-12-17 2018-12-17 წიგნი
        2018-12-17 31798 2018-12-17 2018-12-17 წიგნი